Statistics for US States with Lowest Percentage LGBT Population

Click here to take the quiz!

General Stats

  • This quiz has been taken 405 times
  • The average score is 7 of 11

Answer Stats

%state% Correct
2.8Alabama
87%
1.7North Dakota
79%
2.6Mississippi
77%
2.7Idaho
76%
2.6Montana
75%
2.7Utah
72%
2.7Nebraska
66%
2.8Iowa
65%
2.6Tennessee
61%
2.8Wisconsin
40%
2.7Pennsylvania
20%

Score Distribution

Percentile by Number Answered

Percent of People with Each Score

Your Score History

You have not taken this quiz